000 00412nam a2200169Ia 4500
001 3180
003 IN-NITTTR
005 20251114232944.0
008 251113s9999||||xx |||||||||||||| ||eng||
040 _beng
040 _cIN-NITTTR
041 _aeng
082 _a621.389 B413E
100 _aBell, D. A.
245 0 _aElectrical noise :
_b fundamentals and physical mechanism. /
_cBell, D. A.
942 _2ddc
_cBK
999 _c5339
_d5339